Whales - Statistics

General Stats
  • This quiz has been taken 251 times
  • The average score is 8 of 11
Answer Stats
Picture Answer % Correct
Blue Whale
99%
Orca
99%
Humpback Whale
92%
Beluga Whale
91%
Fin Whale
62%
Gray Whale
60%
Minke Whale
56%
Bowhead Whale
55%
Narwhal
49%
Pilot Whale
46%
Sei Whale
46%
No matching quizzes found
Score Distribution
Percent of People with Each Score
Percentile by Number Answered
Your Score History
You have not taken this quiz